000 00579nab a2200205 a 4500
005 20210219160742.0
008 991125s1985 mx 000 0 spa u
035 _aUPN01000171772
100 1 _aGil Burmann, Carlos
222 _aREVISTA DE PSICOLOGIA GENERAL Y APLICADA
245 _a¿ Qué aporta la etología a la psicobiología
260 _aSantiago de Compostela, España
300 _a69-78
362 0 _a2008 Vol. 61, no. 1, ene.
653 0 _aPSICOBIOLOGIA
653 0 _aETOLOGIA
700 1 _aLLedo Ferrer, Yván,
700 1 _ecoaut.
905 _aArticulo
999 _c143876
_d143876